Tolkien Poetry - Statistics

General Stats
  • This quiz has been taken 382 times
    325 since last reset
  • The average score is 170 of 254
Answer Stats
Hint Answer % Correct
Aragorn's Prophecy A
99%
Aragorn's Prophecy | The Ring-verse | The Song of Durin (Last verse) | +2 others The
98%
Aragorn's Prophecy | The Ring-verse All
96%
The Ring-verse To
96%
The Ring-verse | Thorin's song To
96%
The Ring-verse | Tom Bombadil's song For
94%
Gollum's riddle for "dark" | The Ring-verse | The Song of Durin (Last verse) | +2 others And
92%
The Ring-verse Die
92%
The Song of Durin (Last verse) No
92%
The Ring-verse | The Song of Durin (Last verse) In
91%
The Ring-verse | Thorin's song Of
91%
The Ring-verse Dwarf
90%
The Ring-verse On
90%
The Ring-verse | The Song of Durin (Last verse) Dark
89%
The Ring-verse Lord
89%
The Ring-verse Men
89%
The Song of Durin (Last verse) | Thorin's song Mountains
89%
The Ring-verse Ring
89%
The Ring-verse Seven
89%
Aragorn's Prophecy Not
88%
The Ring-verse One
88%
The Ring-verse One
88%
The Ring-verse Them
88%
Aragorn's Prophecy Does
87%
The Ring-verse Find
87%
The Ring-verse | The Song of Durin (Last verse) Darkness
86%
Thorin's song Misty
86%
The Ring-verse Nine
86%
The Ring-verse Bind
84%
Aragorn's Prophecy Glitter
84%
The Ring-verse Rule
84%
Aragorn's Prophecy | The Song of Durin (Last verse) | Thorin's song Deep
83%
Aragorn's Prophecy | The Song of Durin (Last verse) | Thorin's song Old
83%
Aragorn's Prophecy Who
83%
The Song of Durin (Last verse) | Thorin's song Cold
82%
The Ring-verse | The Song of Durin (Last verse) Halls
82%
The Ring-verse Lords
82%
The Ring-verse Their
82%
Aragorn's Prophecy Are
81%
Aragorn's Prophecy Lost
81%
The Song of Durin (Last verse) Shadow
81%
The Ring-verse Stone
81%
Aragorn's Prophecy | Gollum's riddle for "dark" Be
80%
The Ring-verse | The Song of Durin (Last verse) His
80%
Aragorn's Prophecy King
80%
The Ring-verse Mortal
80%
The Ring-verse Bring
79%
The Ring-verse Mordor
79%
Aragorn's Prophecy | The Ring-verse Shadows
79%
The Ring-verse Throne
79%
Thorin's song We
79%
The Ring-verse Where
79%
The Ring-verse Lie
78%
The Ring-verse Doomed
77%
Aragorn's Prophecy Wander
77%
Aragorn's Prophecy | The Song of Durin (Last verse) | Tom Bombadil's song Is
76%
The Ring-verse Land
76%
Aragorn's Prophecy Those
75%
Thorin's song Gold
74%
Aragorn's Prophecy That
74%
Thorin's song Caverns
73%
Thorin's song Day
73%
Thorin's song Dungeons
70%
Thorin's song Break
68%
Thorin's song Must
68%
Aragorn's Prophecy | The Song of Durin (Last verse) Again
66%
Thorin's song Away
66%
The Song of Durin (Last verse) Crown
66%
Aragorn's Prophecy Shall
66%
Aragorn's Prophecy | The Song of Durin (Last verse) | Tom Bombadil's song Fire
65%
Aragorn's Prophecy Broken
63%
Thorin's song Ere
63%
Aragorn's Prophecy | The Song of Durin (Last verse) From
63%
Tom Bombadil's song Hear
61%
Aragorn's Prophecy Blade
60%
Aragorn's Prophecy Crownless
60%
Aragorn's Prophecy | Tom Bombadil's song By
59%
Aragorn's Prophecy Was
59%
Gollum's riddle for "dark" Cannot
58%
Tom Bombadil's song Tom
56%
Aragorn's Prophecy Light
55%
Aragorn's Prophecy Frost
53%
Gollum's riddle for "dark" Heard
53%
Aragorn's Prophecy Roots
53%
Gollum's riddle for "dark" Felt
52%
Aragorn's Prophecy Wither
52%
Gollum's riddle for "dark" It
50%
Aragorn's Prophecy Strong
50%
Aragorn's Prophecy Woken
49%
Aragorn's Prophecy Ashes
48%
Tom Bombadil's song Bombadil
48%
Aragorn's Prophecy Renewed
48%
Aragorn's Prophecy Spring
47%
Aragorn's Prophecy Touched
47%
The Song of Durin (Last verse) | Tom Bombadil's song Water
47%
The Song of Durin (Last verse) Durin
44%
Thorin's song Through
42%
The Song of Durin (Last verse) Sleep
39%
Gollum's riddle for "dark" Smelt
39%
Gollum's riddle for "dark" | The Song of Durin (Last verse) Stars
37%
The Song of Durin (Last verse) Wakes
37%
Gollum's riddle for "dark" | The Song of Durin (Last verse) Lies
36%
Tom Bombadil's song Our
35%
The Song of Durin (Last verse) There
35%
Gollum's riddle for "dark" Under
35%
Tom Bombadil's song Bombadillo
34%
Tom Bombadil's song Sun
34%
Thorin's song Seek
33%
Thorin's song Enchanted
32%
The Song of Durin (Last verse) Falls
32%
The Song of Durin (Last verse) Moria
32%
The Song of Durin (Last verse) Till
32%
The Song of Durin (Last verse) Ashen
31%
The Song of Durin (Last verse) Durin's
31%
The Song of Durin (Last verse) Dwells
30%
The Song of Durin (Last verse) Hammer
30%
Tom Bombadil's song Hill
30%
Thorin's song Pale
30%
The Song of Durin (Last verse) Upon
30%
The Song of Durin (Last verse) But
29%
The Song of Durin (Last verse) Forges
29%
The Song of Durin (Last verse) Khazad-Dum
29%
The Song of Durin (Last verse) Tomb
29%
The Song of Durin (Last verse) Harp
28%
The Song of Durin (Last verse) Mirrormere
28%
The Song of Durin (Last verse) Appear
25%
Tom Bombadil's song Come
25%
The Song of Durin (Last verse) Still
24%
The Song of Durin (Last verse) Windless
24%
Tom Bombadil's song Now
23%
Tom Bombadil's song Us
23%
Tom Bombadil's song Moon
22%
The Song of Durin (Last verse) Sunken
22%
The Song of Durin (Last verse) Wrung
22%
Tom Bombadil's song Willow
21%
Tom Bombadil's song Near
20%
Tom Bombadil's song Wood
20%
Gollum's riddle for "dark" Behind
18%
Gollum's riddle for "dark" Hills
17%
Gollum's riddle for "dark" Kills
17%
Tom Bombadil's song Need
17%
Gollum's riddle for "dark" Laughter
15%
Gollum's riddle for "dark" Life
15%
Gollum's riddle for "dark" Fills
14%
Gollum's riddle for "dark" Holes
14%
Gollum's riddle for "dark" Comes
13%
Gollum's riddle for "dark" Ends
13%
Gollum's riddle for "dark" After
12%
Gollum's riddle for "dark" First
12%
Gollum's riddle for "dark" Follows
12%
Gollum's riddle for "dark" Empty
11%
Tom Bombadil's song Reed
11%
Tom Bombadil's song Hearken
10%
No matching quizzes found
Score Distribution
Percent of People with Each Score
Percentile by Number Answered
Your Score History
You have not taken this quiz since the last reset